Φορτώνει......
PRADHANAPPETTA MATHILAKAM RECORDUKAL
| Άλλοι συγγραφείς: | |
|---|---|
| Μορφή: | Printed Book |
| Έκδοση: |
THIRUVANANTHAPURAM
KERALA STATE ARCHIVES DEPARTMENT
1941
|
| LEADER | 00462nam a2200169 4500 | ||
|---|---|---|---|
| 020 | |||
| 082 | |a 016.95483 | ||
| 100 | |||
| 245 | |a PRADHANAPPETTA MATHILAKAM RECORDUKAL |h Malayalam | ||
| 250 | |||
| 260 | |a THIRUVANANTHAPURAM |b KERALA STATE ARCHIVES DEPARTMENT |c 1941 | ||
| 300 | |||
| 650 | |||
| 700 | |a REJIKUMAR.J. | ||
| 942 | |c BK | ||
| 999 | |c 156999 |d 156999 | ||
| 952 | |0 0 |1 0 |4 0 |6 016_954830000000000 |7 0 |9 170456 |a ORI |b ORI |l 0 |o 016.95483 |p ORI5924 |r 2019-10-25 |w 2019-10-25 |y BK | ||